Fighting hard-core cartels harm, effective sanctions and leniency programmes

Saved in:
Bibliographic Details
Format: Book
Language:English
Published: Paris OECD 2002
Subjects:
Tags: Add Tag
No Tags, Be the first to tag this record!

MARC

LEADER 00000nam a2200000 4500
001 c136821
005 20221221092116.7
020 |a 92-64-19735-4 
041 0 |a eng 
044 |a FR 
245 1 0 |a Fighting hard-core cartels  |b harm, effective sanctions and leniency programmes 
264 1 |a Paris  |b OECD  |c 2002 
300 |a 107 s. 
610 2 0 |a kartely 
610 2 0 |a trusty 
610 2 0 |a sankcie hmotné 
610 2 0 |a štúdie prípadové 
610 2 0 |a OECD